Một số phương pháp giải toán hình học không gian

Kiến thức chuẩn bị. Phương pháp vectơ. Phương pháp tọa độ.

Đã lưu trong:
Bibliografiske detaljer
Hovedforfatter: Lê Anh Dũng
Andre forfattere: Nguyễn Ngọc Châu TS. (Hướng dẫn)
Format: Bog
Sprog:Vietnamese
Udgivet: Đà Nẵng Đại học Đà Nẵng 2016
Fag:
Tags: Tilføj Tag
Ingen Tags, Vær først til at tagge denne postø!
Thư viện lưu trữ: Mạng thư viện Đại học Đà Nẵng
LEADER 01544nam a2200361 4500
001 000024401
003 20889
005 20161223091253.0
008 161208s2016 viesd
041 |a vie 
082 1 4 |a 516.23  |b LÊ-D 
100 1 |a Lê Anh Dũng 
245 1 7 |a Một số phương pháp giải toán hình học không gian  |c Lê Anh Dũng ; Nguyễn Ngọc Châu hướng dẫn  |k Luận văn tốt nghiệp 
260 |a Đà Nẵng  |b Đại học Đà Nẵng  |c 2016 
300 |a 87 tr. ; phụ lục 3 tr.  |c 29 cm.  |e Tóm tắt 
500 |a Luận văn Thạc sĩ Khoa Học. Chuyên ngành : Phương pháp toán sơ cấp. Mã số: 60 46 01 13 
520 3 |a Kiến thức chuẩn bị. Phương pháp vectơ. Phương pháp tọa độ. 
650 0 4 |a Hình học không gian  |v Luận văn thạc sĩ  |x Phương pháp giải 
653 |a Hình học không gian 
653 |a Phương pháp toán sơ cấp 
653 |a Phương pháp tọa độ 
653 |a Phương pháp vec tơ 
700 1 |a Nguyễn Ngọc Châu  |c TS.  |e Hướng dẫn 
OWN |a LSP 
AVA |a UDN50  |b LSP  |d 516.23 LÊ-D  |e available  |t Error 5001 Not defined in file expand_doc_bib_avail.  |f 1  |g 0  |h N  |i 0  |k 1 
999 |a From the UDN01 
AVA |a UDN50  |b LSP  |d 516.23 LÊ-D  |e available  |t Error 5001 Not defined in file expand_doc_bib_avail.  |f 1  |g 0  |h N  |i 0  |k 1 
TYP |a Monograph 
TYP |a Printed language 
980 |a Mạng thư viện Đại học Đà Nẵng